| 000 | 00653nam a2200217 i 4500 | ||
|---|---|---|---|
| 001 | 175497 | ||
| 003 | ES-MaACL | ||
| 005 | 20250819063110.0 | ||
| 007 | t| | ||
| 008 | 101102s1982 sp r ||||1| spa d | ||
| 020 | _a84-300-8283-2 | ||
| 080 | _a821.134.2-2"19" | ||
| 100 | 1 |
_aAlonso de Santos, José Luis, _d1942- _920291 |
|
| 245 | 1 | 3 |
_aLa estanquera de Vallecas / _cde Alonso de Santos. |
| 260 |
_a[S. l. ] : _bAlonso de Santos, _cD. L. 1982. |
||
| 300 |
_a72 p. ; _c18 cm. |
||
| 490 | 1 |
_aLa avispa. Teatro ; _v1 |
|
| 830 | 0 |
_aLa avispa. Teatro ; _v1 _9189783 |
|
| 852 |
_aES-MaACL _j2264-F-2 _xOlim P-269 |
||
| 999 |
_c175497 _d175497 |
||